| 000 | 00785nas a2200253 4500 | ||
|---|---|---|---|
| 001 | BR9205822 | ||
| 003 | BR-BrBNA | ||
| 005 | 20231205094626.0 | ||
| 007 | ta | ||
| 008 | 230509b bl.|||p| |||| 00| 00por d | ||
| 040 |
_aBR-BrBNA _bpor _cBiblioteca Nacional de Agricultura |
||
| 041 | _a(Pt) | ||
| 072 | _aL60 | ||
| 100 | 1 | _aTomas, A.R.G. | |
| 100 | 1 | _aZavala-Camin, L.A. | |
| 100 | 1 | _aGomes, U.L. | |
| 245 | 1 | _aOcorrencia de especies da familia Bramidae (Teleoste e suli)no sudeste e sul do Brasil | |
| 650 | _aDistribuicao Geografica | ||
| 650 | _aPesca | ||
| 650 | _aPeixe Pelagico | ||
| 773 | 0 |
_tBoletim do Instituto de Pesca (Brazil) _xISSN 0046-9939 _g(Jul-Dec 1988), v. 15(2) p. 229-235 _wBR9205822 |
|
| 909 |
_a202311 _bLúcia _c55 _dLúcia Elande |
||
| 942 |
_2AGRIS _n0 _cANA |
||
| 999 |
_c145739 _d145739 |
||